| 000 | 00503nam a2200205Ia 4500 | ||
|---|---|---|---|
| 003 | OSt | ||
| 005 | 20230411134739.0 | ||
| 008 | 210423s2009 xx 000 0 und d | ||
| 020 | _a8122420699 | ||
| 040 | _cAL | ||
| 041 | _aeng | ||
| 082 | _a658 VRAP | ||
| 100 |
_aVRAT (Prem). _986143 |
||
| 245 | _aCase studies in management. | ||
| 260 |
_aNew Delhi _bVikaksh Publications _c2009 |
||
| 300 |
_aviii,296 _bPB |
||
| 365 |
_b425 _cINR |
||
| 906 | _aCase ; management. ; studies | ||
| 942 |
_2ddc _cBK |
||
| 999 |
_c158478 _d158478 |
||